000 00682nam a2200253Ia 4500
003 OSt
005 20220928113650.0
006 a|||||r|||| 00| 0
007 ta
008 220927b |||||||| |||| 00| 0 eng d
024 _a69554
037 _cTextual
040 _aSDCL
_cSDCL
_beng
041 _2eng
_aeng
082 _aB2898, P5
100 _aBaum D
_9434362
245 0 _aIntroduction to queueing theory and matrix -analytic methods
260 _aDordrecht
_bSpringer
_c2005
300 _avii,271p
_ccm.
650 _aQueueing Theory
700 _a Breuer L
_9434363
942 _hB2898, P5
_cTEXL
_2CC
999 _c750702
_d750702